000 00239nam a22000977a 4500
020 _a9780763664503
100 _a Jessie Haas
245 _aBramble and Maggie: Spooky Season /
260 _aSomerville
_bCandlewick Press
_c2012.
942 _cBK
999 _c266093
_d266092